| 000 | 00965nam a22002897a 4500 | ||
|---|---|---|---|
| 001 | 6858 | ||
| 003 | FISKH | ||
| 005 | 20260225091801.0 | ||
| 008 | 250603b cb ||||| |||| 00| 0 eng d | ||
| 020 | _a9780439856676 | ||
| 040 |
_aFISKH _beng _cFISKH _dFISKH |
||
| 050 | _aQA117 .N24 | ||
| 082 | _a513.2 | ||
| 100 | _aNagda, Ann Whitehead | ||
| 245 |
_aPolar bear math : _bLearning about fractions from klondike and snow / _cby Ann Whitehead Nagda and Cindy Bickel |
||
| 250 | _aFirst Scholastic printing, January 2006 | ||
| 260 |
_aNew York : _bScholastic, _c2004. |
||
| 300 |
_a29 pages : _bcolor illustrations ; _c26 cm |
||
| 505 | _aR | ||
| 520 | _aUses charts and recipes for bear milk prepared for two baby polar bears born in a zoo to teach about fractions. | ||
| 521 | 8 |
_a740
_bLexile |
|
| 521 | 8 |
_aR
_bRaz-Plus |
|
| 650 |
_afractions _vKlondike and Snow |
||
| 700 | _aBickel, Cindy Author | ||
| 942 |
_2ddc _cBK _n0 |
||
| 999 |
_c6858 _d6858 |
||